Banderas de las Provincias de Argentina - Estadísticas

Estadísticas generales
  • Esta prueba ha sido intentada 577 veces
  • La puntuación promedio es 14 de 24
Estadísticas de respuestas
Imagen Respuesta % Correcto
Buenos Aires
94%
Tierra del Fuego, Antartida e Islas del Atlantico Sur
82%
Cordoba
70%
Entre Rios
68%
Santa Cruz
65%
Santa Fe
64%
Ciudad autonoma de Buenos Aires
62%
Salta
62%
Chubut
57%
Misiones
57%
Catamarca
56%
Rio Negro
53%
Chaco
52%
San Luis
52%
Corrientes
49%
La Pampa
48%
Formosa
47%
Santiago del Estero
47%
Tucuman
47%
Jujuy
46%
La Rioja
45%
Mendoza
45%
Neuquen
43%
San Juan
42%
No se encontraron pruebas coincidentes
Distribución de puntuación
Porcentaje de gente con cada puntuación
Porcentaje por número respondido
Historial de tus puntuaciones
No has intentado esta prueba.